Problemt̀icas y respuestas Realidad actual y derecho cann̤ico /

Detalles Bibliográficos
Autor principal: Campo Ibę̀z, S. J., Miguel
Formato: eBook
Lenguaje:español
Publicado: Madrid: Dykinson, 2014
Materias:
Acceso en línea:Acceso restringido

MARC

LEADER 00000nam a22000007a 4500
005 2014102205375.0
007 cr|||| ||||
008 141022s2014 es |||||s|||| 00||0 spa d
020 |a 978-84-9085-119-7 
035 |a 12471 
040 |a vLex 
090 |c 5260  |d 5260 
100 1 |a Campo Ibę̀z, S. J., Miguel 
245 1 0 |a Problemt̀icas y respuestas  |h [Recurso electrn̤ico] :  |b Realidad actual y derecho cann̤ico /  |c Miguel Campo Ibę̀z, S. J. 
256 |a Servicio en ln̕ea 
260 |a Madrid:  |b Dykinson,  |c 2014 
300 |a 1 recurso electrn̤ico 
500 |a Una de las constantes en la vida de la Asociacin̤ ha sido la atencin̤ a los desafo̕s planteados al Derecho matrimonial, tanto en su vertiente sustancial como en la procesal, con objeto de ofrecer respuestas, desde el rigor y la profundidad, a la realidad social. La Asociacin̤ Espaǫla de Canonistas ha venido buscando con estas Jornadas anuales de Actualidad Cann̤ica, ofrecer un servicio a la sociedad espaǫla, y ms̀ especf̕icamente a la comunidad de los operadores jurd̕icos ms̀ directamente relacionados con el Derecho cann̤ico y con el Derecho Eclesis̀tico del Estado: jueces, abogados, y otros profesionales del foro, vicarios y personal de las curias diocesanas y religiosas, profesores y estudiantes. Y, en la bs︢queda de una manera eficaz y profunda de prestar este servicio, no ha dejado de escrutar la realidad eclesial y social, buscando detectar las problemt̀icas ms̀ interpelantes para ofrecer, desde el mundo del Derecho, respuestas razonadas. 
506 1 |a Disponible solo en los productos indicados  |d vLex Global  |d vLex Global (Academic Edition, excluding Law Schools)  |d vLex Global (U.S. Academic Edition, Law Schools)  |d vLex Global (U.S. Academic Edition, excluding Law Schools)  |d vLex Global (Academic Edition, Law Schools) 
650 0 4 |a Derecho Civil  |z Espaą 
740 0 |a vLex Libros (Servicio en ln̕ea) 
856 4 0 |u http://vlex.com/source/problematicas-y-respuestas-realidad-actual-y-derecho-canonico-12471  |z Acceso restringido 
942 |c BOOK 
999 0 |a Civil Law